000 00616nam a2200253Ia 4500
005 20260121154717.0
008 008 260114s9999 xx 000 0 eng d
020 _a9781003083009
037 _aEBOOK
040 _aCRL
040 _beng
040 _cCRL
041 _2eng
041 _aeng
084 _qCRL
100 _a Julian Warner
_91010565
245 0 _aCopyright, Data and Creativity in the Digital Age
260 _bTaylor and Francis
260 _c2021
856 _uhttp://www.taylorfrancis.com/books/9781003083009
942 _cEBOOK
999 _c1577386
_d1577386